MARC details
| 000 -LEADER |
| fixed length control field |
03433nam a2200409Ka 4500 |
| 001 - CONTROL NUMBER |
| control field |
bslw06293394 |
| 003 - CONTROL NUMBER IDENTIFIER |
| control field |
UtOrBLW |
| 005 - DATE AND TIME OF LATEST TRANSACTION |
| control field |
20210303085405.0 |
| 006 - FIXED-LENGTH DATA ELEMENTS--ADDITIONAL MATERIAL CHARACTERISTICS |
| fixed length control field |
m d |
| 007 - PHYSICAL DESCRIPTION FIXED FIELD--GENERAL INFORMATION |
| fixed length control field |
cr un||||||||| |
| 008 - FIXED-LENGTH DATA ELEMENTS--GENERAL INFORMATION |
| fixed length control field |
101115s2003 enk o 000 0 eng d |
| 020 ## - INTERNATIONAL STANDARD BOOK NUMBER |
| International Standard Book Number |
9781849502313 (electronic bk.) : |
| Terms of availability |
£64.95 ; €94.95 ; $114.95 |
| 040 ## - CATALOGING SOURCE |
| Original cataloging agency |
UtOrBLW |
| Transcribing agency |
UtOrBLW |
| 050 #4 - LIBRARY OF CONGRESS CALL NUMBER |
| Classification number |
HF5630 |
| Item number |
.A38 2003 |
| 072 #7 - SUBJECT CATEGORY CODE |
| Subject category code |
KJU |
| Source |
bicssc |
| 072 #7 - SUBJECT CATEGORY CODE |
| Subject category code |
KFC |
| Source |
bicssc |
| 072 #7 - SUBJECT CATEGORY CODE |
| Subject category code |
BUS001000 |
| Source |
bisacsh |
| 072 #7 - SUBJECT CATEGORY CODE |
| Subject category code |
SOC000000 |
| Source |
bisacsh |
| 080 ## - UNIVERSAL DECIMAL CLASSIFICATION NUMBER |
| Universal Decimal Classification number |
336.717.16 |
| 082 04 - DEWEY DECIMAL CLASSIFICATION NUMBER |
| Classification number |
657 |
| Edition number |
22 |
| 245 00 - TITLE STATEMENT |
| Title |
Advances in accounting behavioral research. |
| Number of part/section of a work |
Vol. 6 |
| Medium |
[electronic resource]. |
| 260 ## - PUBLICATION, DISTRIBUTION, ETC. |
| Place of publication, distribution, etc. |
Bingley, U.K. : |
| Name of publisher, distributor, etc. |
Emerald, |
| Date of publication, distribution, etc. |
2003. |
| 300 ## - PHYSICAL DESCRIPTION |
| Extent |
1 online resource (xv, 215 p.). |
| 490 0# - SERIES STATEMENT |
| Series statement |
Advances in accounting behavioral research, |
| International Standard Serial Number |
1475-1488 |
| 505 0# - FORMATTED CONTENTS NOTE |
| Formatted contents note |
The effects of incentive structure and goal difficulty on time planning decisions within a balanced scorecard framework / Brad Tuttle, Mark J. Ullrich -- The effect of fairness in contracting on the creation of budgetary slack / Theresa Libby -- A Tobit Analysis of accounting faculty publishing productivity in Australian and New Zealand universities / Brett R. Wilkinson, Chris H. Durden, Katherine J. Wilkinson -- Classification of customized assurance services by decision makers : the case of S / Philip R. Beaulieu -- An analysis of group influences on going concern auditor judgments / Sunita S. Ahlawat, Timothy J. Fogarty -- A structural equation model of auditors professional commitment : the influence of firm size and political ideology / John T. Sweeney, Jeffrey J. Quirin, Dann G. Fisher -- Investigating error projection among state auditors : the impact of intentional and systematic misstatements / John T. Reisch, Karen S. McKenzie, Alan H. Friedberg -- How does negative source credibility affect commercial lenders decisions? / Philip R. Beaulieu, Andrew J. Rosman -- Earnings management and framing : the specific case of obsolete inventory / Marybeth M. Murphy, Joanne P. Healy. |
| 520 ## - SUMMARY, ETC. |
| Summary, etc. |
This volume contains an eclectic collection of behavioral research papers that examine several very important issues. Several of the papers focus on various aspects of auditors' decisions such as professional commitment in public accounting firms, mitigating bias via group decision making, and appropriately using sample information to estimate errors in governmental auditing. The decisions of other professionals that use accounting information such as commercial lenders and divisional managers are also examined. Two papers examine how accounting information impacts the behaviors of individuals within an organization under various incentive structures. Two other papers provide perspectives on overall research with one developing a classification scheme for new assurance services and the other examining factors that impact research productivity of accounting faculty members. |
| 588 0# - SOURCE OF DESCRIPTION NOTE |
| Source of description note |
Print version record |
| 650 #7 - SUBJECT ADDED ENTRY--TOPICAL TERM |
| Topical term or geographic name entry element |
Business & Economics |
| General subdivision |
Accounting |
| -- |
General. |
| Source of heading or term |
bisacsh |
| 650 #7 - SUBJECT ADDED ENTRY--TOPICAL TERM |
| Topical term or geographic name entry element |
Social Science |
| General subdivision |
General. |
| Source of heading or term |
bisacsh |
| 650 #7 - SUBJECT ADDED ENTRY--TOPICAL TERM |
| Topical term or geographic name entry element |
Organizational theory & behaviour. |
| Source of heading or term |
bicssc |
| 650 #7 - SUBJECT ADDED ENTRY--TOPICAL TERM |
| Topical term or geographic name entry element |
Accounting. |
| Source of heading or term |
bicssc |
| 650 #0 - SUBJECT ADDED ENTRY--TOPICAL TERM |
| Topical term or geographic name entry element |
Accounting |
| General subdivision |
Psychological aspects |
| -- |
Research. |
| 700 1# - ADDED ENTRY--PERSONAL NAME |
| Personal name |
Arnold, Vicky. |
| 776 1# - ADDITIONAL PHYSICAL FORM ENTRY |
| International Standard Book Number |
9780762310470 |
| 856 40 - ELECTRONIC LOCATION AND ACCESS |
| Uniform Resource Identifier |
<a href="https://www.emerald.com/insight/publication/doi/10.1016/S1475-1488(2003)6">https://www.emerald.com/insight/publication/doi/10.1016/S1475-1488(2003)6</a> |
| 913 ## - |
| -- |
BMEbacklist |